Quizzes
Events
Quiz Creation
Community
Videos
Private Events
Remove Ads
Sign In
Join for FREE
Feedback
Dark Mode
Quiz Categories
Sports
Geography
Music
Movies
Television
Just For Fun
Miscellaneous
History
Literature
Language
Science
Gaming
Entertainment
Religion
Holiday
For Kids
Quiz Lab
Recent
Popular Today
Quiz Kudos Today
Editor Picks
Curator Picks
Quizzes by...
Day
Popularity
Type
Ratings
Length
Year
Community
Subscriptions
Recent Discussions
Orange Saloon
Badges
Playlists
Quests
Create
Leaderboards
Showdown
Live 5
Trivia Bingo
Activity
Puzzle Library
Sporcle Events
Private Events
Virtual Trivia
Globe League
Become a Host
Pub Owners
SporcleCon
Opinionation
Our Games
Videos
Blog
Mobile Apps
Partnerships
Remove Ads and Go Orange
Feedback
Sports
Athletes
MLB
NBA
NHL
NFL
Soccer
Sports Teams
WWE
NCAA
Football
Premier League
Basketball
Baseball
Hockey
Golf
Tennis
Cricket
Rugby
Auto Racing
Olympics
World Cup
Sports
Athletes
MLB
NBA
NHL
NFL
Soccer
Sports Teams
WWE
NCAA
Football
Premier League
Basketball
Baseball
Hockey
Golf
Tennis
Cricket
Rugby
Auto Racing
Olympics
World Cup
Random Quiz
Search Sporcle
×
Quiz Lab
Quiz Lab
Sports
Team Champions
Type in answers that appear in a list
Type in answers that appear in a list
Classic
Best Score? Go Orange.
Uber Cup Winners Stats
Can you name the nations that have won the Uber Cup, also known as World Women's Team Badminton Championships?
By
Gustav_Jandausch
2m
26 Questions
168 Plays
168 Plays
168 Plays
Comments
Comments
Give Quiz Kudos
Give Quiz Kudos
-
- Ratings
hide this ad
Replay
Link that replays current quiz
Next Quiz
Link to next quiz in quiz playlist
You Got
0%
They Got
Avg Score
94%
Avg Friend Score
Upgrade to see
Score Distribution
Jump to the score distribution portion of the page
Score
0/26
Timer
02:00
0
Plays Today
Year
Country
% Correct
1984
China
99.4%
1986
China
99.4%
1988
China
99.4%
1990
China
99.4%
1992
China
99.4%
1998
China
99.4%
2000
China
99.4%
2002
China
99.4%
2004
China
99.4%
2006
China
99.4%
2008
China
99.4%
2012
China
99.4%
2014
China
99.4%
Year
Country
% Correct
2016
China
99.4%
1975
Indonesia
95.8%
1994
Indonesia
95.8%
1996
Indonesia
95.8%
2010
South Korea
94.6%
1966
Japan
93.5%
1969
Japan
93.5%
1972
Japan
93.5%
1978
Japan
93.5%
1981
Japan
93.5%
1960
United States
75.6%
1957
United States
75.6%
1963
United States
75.6%
Quiz Playlist
Details
Report
Send in Message
Add To Playlist
Classic:
Type in answers that appear in a list
Quiz Source
Last Updated: Feb 24, 2018
Quiz Scoreboard
CHALLENGE
Sign Up to Join the Scoreboard
Show All
Scores
Hide
Comments
May contain spoilers
Recently Published
Movies - When Are They Set?
by FPL_Elf
Movies
5m
Popular People in 1961
by mucciniale
History
6m
1-10 Letter E Words III
by El_Dandy
Language
2m
More to Explore
Quiz From the Vault
Featured Blog Post
Where Did the Easter Bunny Come From?
hide this ad
You Might Also Like...
Tags
Sports Champions
Sports Championships
Team Champions
Today's Top Quizzes in Sports
Browse Sports
hide this ad
Today's Top Quizzes in Team Champions
Browse Team Champions
Top Contributed Quizzes in Sports
1
Les meilleurs buteurs des matchs entre le PSG et l’OM
2
Les entraîneurs de l'OM et du PSG au 21e siècle
3
FIFA Club World Cup Champions
4
2022 World Cup Stars
5
Name the Premier League winners with different clubs
6
La finale Lions - Afrique du Sud 2021
7
Criteria MLB: Left Handed Sluggers
8
Players with Multiple 50 Home Run Seasons
9
MLB Players with Two .350 Batting Average Seasons
10
MLB Hall of Famer by Rings
Explore More
Trending Topics
Crossword
Kpop
Anime
Marvel
Harry Potter
Disney
NBA
Country
Song
The Office
Pokémon
NFL
Puzzle
Soccer
WWE
hide this ad
More By:
Gustav_Jandausch
Quiz
Plays
Rating
Category
Featured
Created
Thomas Cup Winners
151
Sports
Feb 5, 2018
Olympics Badminton Champions
465
3.50
Sports
Feb 6, 2018
6 to 1: Denmark
305
4.00
Geography
Feb 16, 2018
Country, Capital and Biggest Island of Nordic Countries
279
3.00
Geography
Oct 15, 2015
Hastings narrates Poirot
240
5.00
Literature
Feb 14, 2018
European Men’s Team Badminton Championships
227
4.00
Sports
Feb 12, 2018
Go to Creator's Profile
Score Distribution
Quiz Creator Spotlight
Gustav_Jandausch
Follow
Send a Message
Quizzes Created
-
Created Quiz Play Count
-
More By This Creator
Popular Quizzes Today
1
Find the US States - No Outlines Minefield
2
Find the Countries of Europe - No Outlines Minefield
3
The Countries of the World
4
Popular People in 1961
5
1-10 Letter E Words III
6
US States
7
Find the US States
8
One Thing in Common: World Cities II
More Sports Quizzes
Every Matildas opponent
Quiz Lab
Trending Quizzes
Risky Map Clicking: Least Populous States A-Z
1-10 Letter F Words
Humor Books: The Subtitles
1-10 Letter G Words
One Thing in Common: United Kingdom
Recently Updated
Leaping Animals
pecheneg
Reality TV Shows (A-Z)
bhenderson79
Rickey Henderson's Hall of Fame Teammates
pecheneg
Champions League XIs: Arsenal
pecheneg
Quick Pick: Celebrities in WWE's Hall of Fame
aduchscher
A-Z Keypad Blitz II
pecheneg
Multiple Oscar Actors
pecheneg
Mystery Phrase Blitz: Oscar 'Best Actors'
pecheneg
F. Scott Fitzgerald Novels
LTH
Pick 3 Villains
ddd62291
Trending Topics
Disney
Harry Potter
Anime
Kpop
Crossword
NBA
Marvel
WWE
Soccer
Country
Puzzle
NFL
Pokémon
Song
The Office
Your Account Isn't Verified!
In order to create a playlist on Sporcle, you need to verify the email address you used during registration. Go to your
Sporcle Settings
to finish the process.
Report this User
Report this user for behavior that violates our
Community Guidelines
.
Details:
Send Report
Go to the Sporcle.com Mobile Site →
Comments